000 00925nam a2200301Ia 4500
001 B4038
003 IT-RoPAU
008 130308s9999 xx 000 0 und d
040 _aIT-RoPAU
040 _cIT-RoPAU
041 _aPORTOGHESE
100 _aFerraz Sampaio Mario
100 _gCodice Aut. SPICS: 38056
245 _aConsideracoes sobre a comunicacao e sua historia cultural
245 _bComunicacao na construcao da paz (A)
250 _a1a ed.
260 _aSAO PAULO
260 _bEdicoes Paulinas
260 _c1987 [1° Ed.:1987 - Ed.Ling.Originale:1987]
300 _a"9 p. (prefazione: no ; testo: 9 [pagine: 140-148])"
500 _aConsiderazioni Sulla Comunicazione e Sua Storia Culturale. Radio in Brasile Emittenti Pioniere.
650 _aSOCIOLOGIA DELLA COMUNICAZIONE SOCIALE
650 _eCodice materia Spics: 3806
942 _cBK
957 _71
999 _c44236
_d44236
999 _bSI
999 _g1